000 00593nam a22001937a 4500
999 _c195777
_d195777
005 20230421101837.0
010 _aENG-136747
020 _a9789352830718
_c250.00
035 _aEN-120279
037 _bDBAD/PUB
082 _a658.4
100 _aGupta, C.B.
245 _aManagement process and organisational behaviour/
_cC.B. Gupta
_bnine milestones on the hero path /
250 _a1st. ed.
260 _aNew Delhi
_bS Chand and company limited
_c2018
270 _aRam Nagar
_bNew Delhi
_e110055
300 _a230p.:
_c24cm (pbk)
_bill
942 _2ddc
_cEN
_h658.4
_mGUP